| 000 | 00000nam 2200000za 4500 |
| 001 | 9.639719 |
| 003 | CaOODSP |
| 005 | 20210624222317 |
| 007 | cr ||||||||||| |
| 008 | 150407|2012||||xxc|||||o f|0| 0 fre d |
| 020 | |a978-1-100-98631-9 |
| 040 | |aCaOODSP|bfre |
| 043 | |an-cn--- |
| 086 | 1 |aA118-10/30-2012F-PDF |
| 110 | 1 |aCanada. |bAgriculture et agroalimentaire Canada. |bCentre de lutte antiparasitaire. |
| 245 | 10|aProfil de la culture du blé de printemps au Canada, 2010 / |h[ressource électronique]|cpréparé par Programme de réduction des risques liés aux pesticides. |
| 260 | |aOttawa - Ontario : |bAgriculture et Agroalimentaire Canada. |cc2012. |
| 300 | |a72p.|bcarte en couleur, références, tableaux |
| 590 | |a12-24|b2012-06-15 |
| 691 | 07|aBlé|2gcpds |
| 775 | 08|tCrop profile for spring wheat in Canada, 2010 / |w(CaOODSP)9.695586 |
| 794 | |tProfil de la culture du blé de printemps au Canada, 2016 / |w(CaOODSP)9.872779 |
| 856 | 40|ahttp://publications.gc.ca|qPDF|s2.69 Mo|uhttps://publications.gc.ca/collections/collection_2012/agr/A118-10-30-2012-fra.pdf |
| 986 | |aNo d'AAC : 11695F |